000 01424nam a2200253Ia 4500
001 11855281
003 AUA.1
005 20111107114358.0
008 850327s1985 coua f 000 0 eng d
040 _aIDI
_cIDI
_dEXN
049 _aEXNW [446615]
_c1 [446615]
090 _aBV 4447
_b.C64 1985
100 1 _aColeman, Lyman.
_912428
245 1 0 _aYouth ministry encyclopedia /
_cby Lyman Coleman.
260 _aLittleton, Colo. :
_bSerendipity House,
_c1985.
300 _a237 p. :
_bill. ;
_c22 cm.
650 0 _aChurch work with youth
_xHandbooks, manuals, etc.
_912429
650 0 _aYouth
_xReligious life
_xHandbooks, manuals, etc.
_912430
942 _2lcc
_cBOOK
_hBV 4447
_i.C64 1985
999 _c3466
_d3466